| 000 | 004000000a22001090004500 | ||
|---|---|---|---|
| 100 | 1 | _aLopes, Nicodemus Augustus | |
| 245 | 1 | 0 | _aLa educación teológica reformada : motivos y desafíos |
| 300 | _aVol.8, núm.1 (Marzo, 2006), Páginas 45-68 | ||
| 500 | _aMinistro presbiteriano, profesor de Nuevo Testamento y doctor en Hermenéutica y Estudios Bíblicos. | ||
| 773 | 0 | _tReforma Siglo 21 | |
| 942 | _cANA | ||
| 999 |
_c61369 _d61369 |
||